Logique - Mort Subite #33.05 - Statistiques

Statistiques générales
  • Ce quiz a été pris 137 fois
  • Le résultat moyen est 3 sur 16
Answers on the Grid
Answers color-coded by a green-red scale on the quiz's grid according to % correct below.
Faïence
If
Carrelage
Camomille
Lapis-Lazuli
Brillance
Cire
Platane
Rubis
Papier
Sodium
Porphyre
Bambou
Citron
Argent
Adonsonia
Basane
Reine
Morganite
Laine
Turquie
Lys
Héliodore
Cageot
 
Statistiques - réponses
Réponse % Correct
Lapis-Lazuli
44%
Faïence
43%
Rubis
39%
Argent
28%
If
28%
Bambou
21%
Lys
20%
Cire
17%
Porphyre
16%
Basane
14%
Laine
14%
Morganite
14%
Papier
11%
Platane
11%
Adonsonia
10%
Héliodore
10%
Aucun quiz correspondant
Distribution des résultats
% des personnes avec chaque résultat
Percentile par nombre de réponses
Votre historique - résultats
Vous n’avez pas pris ce quiz